Sports Quiz

Random Sports or Numbers Quiz

NASCAR drivers 2009 Quiz Stats

 Plays Quiz not verified by Sporcle

Challenge
Share
Tweet
Embed
Score 0/43 Timer 11:00
0 Plays Today
Car Number Drivers % Correct
2Kurt Busch
96.4%
5Mark Martin
96.4%
14Tony Stewart
96.4%
88Dale Earnhardt Jr.
96.4%
18Kyle Busch
94.6%
24Jeff Gordon
94.6%
48Jimmie Johnson
94.6%
7Robby Gordon
92.9%
9Kasey Kahne
91.1%
11Denny Hamlin
91.1%
29Kevin Harvick
91.1%
99Carl Edwards
91.1%
17Matt Kenseth
87.5%
42Juan Pablo Montoya
87.5%
1Martin Truex Jr.
85.7%
20Joey Logano
85.7%
16Greg Biffle
83.9%
98Paul Menard
83.9%
26Jamie McMurray
82.1%
33Clint Bowyer
82.1%
55Michael Waltrip
82.1%
39Ryan Newman
80.4%
Car Number Drivers % Correct
96Bobby Labonte
80.4%
31Jeff Burton
78.6%
6David Ragan
76.8%
19Elliott Sadler
76.8%
83Brian Vickers
76.8%
07Casey Mears
75%
77Sam Hornish Jr.
73.2%
82Scott Speed
71.4%
44AJ Allmendinger
67.9%
00David Reutimann
66.1%
09Brad Keselowski
66.1%
21Bill Elliott
64.3%
78Regan Smith
57.1%
13Max Papis
55.4%
12David Stremme
53.6%
34John Andretti
53.6%
47Marcos Ambrose
51.8%
37Travis Kvapil
48.2%
43Reed Sorenson
46.4%
71David Gilliland
46.4%
8Aric Almirola
42.9%

You're not logged in!

Compare scores with friends on all Sporcle quizzes.
OR
Log In

You Might Also Like...

Show Comments

Extras

Top Quizzes Today


Score Distribution

Your Account Isn't Verified!

In order to create a playlist on Sporcle, you need to verify the email address you used during registration. Go to your Sporcle Settings to finish the process.

Report this User

Report this user for behavior that violates our Community Guidelines.

Details: